| 000 | 01509nam a2200325 4500 | ||
|---|---|---|---|
| 001 | 0000023723 | ||
| 003 | CO-CtgCURN | ||
| 005 | 20250331185143.0 | ||
| 007 | ta | ||
| 008 | 160627s2009 000 0 eng d | ||
| 020 | _a9788480863889 | ||
| 040 |
_aCO-CtgCURN _bspa _ccoctgcurn |
||
| 082 | 0 |
_a610.736 _bC566c |
|
| 245 | 0 | 0 |
_aClasificacion de intervenciones de enfermeria (NIC) / _cGloria M. Bulechek .. [et.. al], editores. |
| 250 | _a5a ed. | ||
| 260 |
_aamsterdam : _bElsevier, _c2009. |
||
| 300 | _axxxviii; 937 p. | ||
| 336 | _2rdacontent | ||
| 337 |
_2rdamedia _asin mediacion _bn |
||
| 338 |
_2rdacarrier _avolumen _bnc |
||
| 500 | _aContiene apendice e indice alfabetico. | ||
| 505 | 8 | _aElaboracion y uso de la clasificacion -- Introducción a la clasificacion de intervenciones de enfermeria (NIC) -- Desarrollo, verificacion e implementacion de la NIC: 1987-2007 -- Utilizacion de la NIC -- Taxonomia de las intervenciones de enfermeria -- Clasificacion -- Intervenciones centrales segun especialidades de enfermeria -- Tiempo estimado y nivel de formacion necesarios para realizar intervenciones de la NIC -- Apendices | |
| 534 | _aNursing interventions classification (NIC) | ||
| 650 | 1 | 4 |
_aCuidados de enfermeria _vNormas. |
| 700 | 1 |
_aBulechek, Gloria M., _eEditor. |
|
| 908 | _a160627 | ||
| 942 |
_cBK _h610.736 _iC566c _2ddc |
||
| 999 |
_c21443 _d21443 |
||